LEADER 01178nam a2200301 a 4500 001 000000133667 003 CaOOAMICUS 005 20130424102939.0 008 130424s2002 mau u000 u eng r 020 $a0-674-01607-6 040 $aPUL$bita 082 04$a901 100 1 $aHacking, Ian.$0(OLS)http://pul/name/44331 245 10$aHistorical ontology /$cIan Hacking. 260 $aCambridge, Mass. ;$aLondon :$bHarvard University Press,$c2002. 300 $avii, 279 p. ;$c23 cm 500 $aInclude indice. 504 $aBibliografia p. 255-272. 650 4$aFilosofia e storia.$0(OLS)http://pul/subject/22403 650 4$aStoricismo.$0(OLS)http://pul/subject/16185 850 $aPUL 852 $aPUL$W1$xSL Cons. Gen., Altre Classi 3$y75$m901 HACIA 1$j153636$qDDC 21$B153200$CPULBib$Z2$F153200 $H122217 $82 941 1 $a9 996 $6020$a0-674-01607-6$9(OLS)http://pul/number/152529 996 $6082$a901$9(OLS)http://pul/classification/124 996 $6245$aHistorical ontology$9(OLS)http://pul/title/168958 996 $6260$aCambridge, Mass. ;$aLondon :$bHarvard University Press$9(OLS)http://pul/publisher/54920 LEADER 01154nam a2200277 u 4500 001 000000076323 003 CaOOAMICUS 005 20070226123210.0 008 031120s1979 it u000 u ita u 035 $a10977007 040 $aPUL(R)$bita 041 1 $aita$hpol 245 00$aAutobiografia del cattolicesimo polacco /$cA. Wielowieyski ... [et al.]. 260 $aBologna :$bCentro Studi Europa Orientale,$c1979. 300 $a175 p. ;$c19 cm 490 1 $aCSEO biblioteca ;$v10 504 $aBibliografia in nota. 650 4$aChiesa cattolica$zPolonia.$0(OLS)http://pul/subject/21819 651 4$aPolonia$xStoria ecclesiastica.$0(OLS)http://pul/subject/3145 700 1 $aWielowieyski, Andrzej.$0(OLS)http://pul/name/50764 830 0$aCSEO biblioteca ;$v10.$0(OLS)http://pul/title/8544 850 $aPUL 852 $aPUL$W1$xSL Filosofia 1$y2$m130 D 36$j98067$nBK-PRI$b $qStampati$B98067$CPULBib$Z2$F98067 $H53142 $81 941 1 $a8 996 $6245$aAutobiografia del cattolicesimo polacco$9(OLS)http://pul/title/100126 996 $6260$aBologna :$bCentro Studi Europa Orientale$9(OLS)http://pul/publisher/74697